<?xml version="1.0" encoding="UTF-8"?><?xml-stylesheet type="text/xsl" href="static/style.xsl"?><OAI-PMH xmlns="http://www.openarchives.org/OAI/2.0/" xmlns:xsi="http://www.w3.org/2001/XMLSchema-instance" xsi:schemaLocation="http://www.openarchives.org/OAI/2.0/ http://www.openarchives.org/OAI/2.0/OAI-PMH.xsd"><responseDate>2026-04-14T14:59:59Z</responseDate><request verb="GetRecord" identifier="oai:uvadoc.uva.es:10324/830" metadataPrefix="marc">https://uvadoc.uva.es/oai/request</request><GetRecord><record><header><identifier>oai:uvadoc.uva.es:10324/830</identifier><datestamp>2021-06-23T16:38:20Z</datestamp><setSpec>com_10324_30605</setSpec><setSpec>com_10324_894</setSpec><setSpec>col_10324_41</setSpec></header><metadata><record xmlns="http://www.loc.gov/MARC21/slim" xmlns:doc="http://www.lyncode.com/xoai" xmlns:xsi="http://www.w3.org/2001/XMLSchema-instance" xmlns:dcterms="http://purl.org/dc/terms/" xsi:schemaLocation="http://www.loc.gov/MARC21/slim http://www.loc.gov/standards/marcxml/schema/MARC21slim.xsd">
<leader>00925njm 22002777a 4500</leader>
<datafield tag="042" ind1=" " ind2=" ">
<subfield code="a">dc</subfield>
</datafield>
<datafield tag="720" ind1=" " ind2=" ">
<subfield code="a">Ruiz González, Salustiano</subfield>
<subfield code="e">author</subfield>
</datafield>
<datafield tag="260" ind1=" " ind2=" ">
<subfield code="c">2011</subfield>
</datafield>
<datafield tag="520" ind1=" " ind2=" ">
<subfield code="a">En está tesis se presenta el desarrollo de un nuevo patrón nacional de presión sobre la base de dos nuevos patrones primarios, una columna de mercurio y un sistema de expansión estático. Siendo el primer NMI que realiza la diseminación de la unidad desde la Columna al Sistema de expansión estática directamente a través de balanzas de presión mediante variantes de los métodos de expansión única y de acumulación de gas. Además se determinar las incertidumbres de medida utilizando, no solo el método de propagación de incertidumbres definido en la GUM , sino también el método de Monte Carlo definido en su suplemento 1.</subfield>
</datafield>
<datafield tag="024" ind2=" " ind1="8">
<subfield code="a">http://uvadoc.uva.es/handle/10324/830</subfield>
</datafield>
<datafield tag="024" ind2=" " ind1="8">
<subfield code="a">b1617045</subfield>
</datafield>
<datafield tag="024" ind2=" " ind1="8">
<subfield code="a">10.35376/10324/830</subfield>
</datafield>
<datafield ind1=" " ind2=" " tag="653">
<subfield code="a">Medición, Instrumentos de</subfield>
</datafield>
<datafield ind1=" " ind2=" " tag="653">
<subfield code="a">Precisión-Medición</subfield>
</datafield>
<datafield ind1=" " ind2=" " tag="653">
<subfield code="a">Vacío (Física)</subfield>
</datafield>
<datafield tag="245" ind1="0" ind2="0">
<subfield code="a">Desarrollo de un nuevo patrón nacional de presión: desde la columna de mercurio a patrones primarios de vacío</subfield>
</datafield>
</record></metadata></record></GetRecord></OAI-PMH>